AP Dragon Ball Z Exam - Statistics

General Stats
  • This quiz has been taken 115 times
    109 since last reset
  • The average score is 35 of 55
Answer Stats
Question Answer % Correct
When Goku arrived to Namek, who ended up taking his body because it had more power Captain Ginyu
79%
After Dr. Gero releases Android 17 and 18, and 18 nearly kills the entirety of the Z-Fighters, who does Piccolo discover absorbing thousands of people? Cell
79%
When signing up for the World Martial Arts Tournament, who returned for one day to fight with his friends? Goku
79%
What makes Cell possibly the most unique enemy the Z-Fighters have faced yet? He is the combination of multiple beings
79%
What was learned about Frieza after Vegeta started fighting him? He was using a small factor of his power
79%
What are the names of the minions summoned by Vegeta to attack the Z-Fighters? Saibamen
79%
What does Cell tell Piccolo he needs to acquire his "Perfect Form"? Absorbed energy, and absorbing Android 17 and 18
75%
After giving Cell a Senzu Bean, who was going to finish the fight against Cell? Gohan
75%
Once Cell killed Android 16, what did Gohan unlock that helped him defeat Cell? He channeled his rage, and unlocked Super Saiyan 2
75%
When Raditz arrives at the Kame House, what does he reveal about Goku? He is the brother to Raditz
75%
7 years after defeating Cell, who did the world think was the savior of the terrifying Cell Games? Mr. Satan
75%
When Raditz arrives on Earth, who's power does he detect first after killing the farmer? Piccolo
75%
In order to eliminate Majin Buu from the world, what was Vegeta going to do? Sacrifice himself, using all of his power
75%
After hearing Trunk's warning about the Androids, and Goku's heart, what happens to the Z-Fighters? They spend the next few years preparing to fight the Androids
75%
What did Krillin and Gohan learn about the Namekian Dragon Balls that allowed them to have more hope that Frieza cannot use them? You can only awaken the dragon with the Namekian language
75%
Who, out of the Z-Fighters, is the first to fight against Perfect Cell in the Cell Games? Goku
71%
How did Gohan hide his identity as a Saiyan? He became a hero, known as Great Saiyaman
71%
What does Piccolo discover about the tails of a Saiyan while training Gohan? It allows them to turn into a Great Ape, or an Oozaru
71%
During the Cell Saga, who did Piccolo absorb to gain more power? Kami
71%
Who did Son Goku name his son after? His grandpa, Son Gohan
67%
Who does Goku team up with to go take down Raditz? Piccolo
67%
What was the whole reasoning for Krillin and Bulma to go to Namek? To retrieve their Dragon Balls, which can revive their friends
67%
After defeating Cell, what did Future Trunks do? Went back to his timeline and defeated both the Androids, and Cell
67%
When Goku discovers he is the brother of Raditz, how does he react? Agitated, saying that Raditz is a liar
63%
The Emperor of the Universe makes their first appearance in DBZ while on Namek, who is this? Frieza
63%
With one final Kamehameha, (and help from Vegeta), Gohan defeated the Perfect being of Cell, although who died during the Cell Games, and couldn't return? Goku
63%
While fighting Raditz, Gohan bursts from the Saiyan space pod, and knocks out Raditz, following this, what does Goku do? He grabs Raditz by the waist, and tells Piccolo to use a move
63%
Unannounced to Goku, why was letting Vegeta get away a bad idea? He would gain more power, as it is in the Saiyan blood
63%
What technique does King Kai teach Goku while he is in Other-World? Kaio Ken
63%
Who shows up to fight against Cell, and is the reigning martial arts tournament champion? Mr. Satan
63%
Who did Piccolo notice at the WMA Tournament, which sent him into a spiral of fear due to the untimely appearance of them? Shin
63%
What move does Piccolo use to take down Raditz, as well as Goku? Special Beam Cannon
63%
Fighting against Frieza, Goku's rage exploded, and he transformed into the legendary ____ Super Saiyan
63%
After Goku's death against Raditz, what does Piccolo do with Gohan Takes him to the middle of nowhere
63%
What does Trunks inform the Z-Fighters about when he sees Android 19 and 20? That they are not the same ones from his timeline
63%
What does Raditz believe is causing his Power Radar to "act up"? The huge power released by Gohan
63%
Where does Goku begin traveling to in Other-World after dying to Piccolo? The Planet of King Kai
63%
After Goku's death, how do the Z-Fighters prepare for the upcoming arrival of 2, stronger Saiyans? They begin training at Kami's Lookout
63%
In order to make sure Frieza cannot acquire all of the Dragon Balls, and, in general, to hide his stash of Balls, Vegeta did what to the 4-Star Ball? Threw it into a river
63%
Who ended up arriving to Earth and killed Frieza and King Cold? Trunks
63%
Who allowed Bobbity to control them so they could fight Goku? Vegeta
63%
What are the names of the two Saiyans Raditz warned Earth about? Vegeta and Nappa
63%
Who quickly realized Gohan was not only the "Golden Warrior", but also the Great Saiyaman, as well as the person who defeated Cell? Videl
63%
With the power of Super Saiyan, Goku easily defeated Frieza, but in the process, couldn't return home to Earth. When his friends tried to bring him home, what did they find out? Goku did not want to return home for the time being
58%
After Android 18 was kicked out of Cell, what did he try and do to the Earth? He attempted to blow himself up, and destroy the Earth in the process
58%
How does Piccolo train Gohan? He leaves him alone for 6 months
58%
When Frieza reached his final form, who did he kill to make sure there was no chance he would lose to Vegeta, Krillin, Gohan, and Piccolo? Dende
54%
After defeating Nappa, Goku and Vegeta had their first of many clashes, how did Goku technically defeat Vegeta? Goku didn't win, but also didn't lose
50%
When Raditz leaves the Kame House, what mission does he leave Goku with, and who does Raditz take as a bargaining chip? Goku must kill 100 human beings; Gohan
50%
When Goku returned, what infamous line did Vegeta say about his power level? "It's over 9000!"
50%
In the DBZ Anime, where does Son Goku go to save Gohan so they can go to the Kame House? A branch over a waterfall
33%
When Goku and Piccolo arrive to Raditz, how does he react? He laughs at the fact that Goku and Piccolo can take him down
33%
In the DBZ Manga, what is the "opening scene"? Raditz shows up to Planet Earth
21%
After Cell absorbs both Androids, he unlocks his Perfect Form, but to have a little entertainment, what does he create in order to fight against the Z-Fighters? The Super Cell Games
21%
In the DBZ Anime, which of the following is the "opening scene"? Son Goku goes to save his son
13%
No matching quizzes found
Score Distribution
Percent of People with Each Score
Percentile by Number Answered
Your Score History
You have not taken this quiz since the last reset